Az ajtón túl Kisfiamnak Kislányomnak

Bibliographic Details
Main Author: Csepécz, Szilvia M., 1965-2011 (Author)
Other Authors: Belák, Attila (Illustrator, bjk)
Format: Book
Language:Hungarian
PhysicalDescription:73 s. 22 cm
Published: Dunajská Streda Lilium Aurum 1994
ISBN:8085704234
Edition:1. kiad.
Subjects:

MARC

LEADER 00000cam a2200000 a 4500
001 vtls001075805
003 SK-MaSNL
005 20260302063927.0
008 240606s1994 xo c 0000p hun
015 |a SNBA1994/08 
020 |a 8085704234  |q (viaz.) 
035 |a SNK000018638 
040 |a SNK  |b slo  |c SNK  |e AACR2 
041 0 |a hun 
044 |a xo  |c SK 
072 7 |a 821.511.1  |x Ugrofínske literatúry  |2 konspekt 
072 7 |a 821-93  |x Literatúra pre deti a mládež (beletria)  |2 konspekt 
080 |a 894.511 (437.6)-1(087.5)=945.11  |2 1981 
100 1 |a Csepécz, Szilvia M.,  |d 1965-2011  |4 aut  |9 49646 
245 1 3 |a Az ajtón túl  |b Kisfiamnak Kislányomnak  |c Szilvia Csepécz M. ; ill. Attila Belák ; Borítóterv Attila Belák 
250 |a 1. kiad. 
260 |a Dunajská Streda  |b Lilium Aurum  |c 1994  |e Dunajská Streda  |f Lilium Aurum 
300 |a 73 s.  |c 22 cm 
655 7 |a maďarská poézia  |2 SNKPH  |9 70602 
655 7 |a naratívna poézia  |2 SNKPH  |9 291452 
655 7 |a riekanky  |2 SNKPH  |9 70648 
655 7 |a poézia pre deti  |2 SNKPH  |9 86748 
655 7 |a children´s poetry  |2 SNKPHeng  |9 278566 
700 1 |a Belák, Attila  |4 ill  |9 725673 
700 1 |a Belák, Attila  |4 bjk  |9 725673 
852 |a Slovenská národná knižnica 
919 |a 80-85704-23-4 
954 |a beletria cudzojazyčná (svetová)  |2 lita 
958 |a LX 
958 |a TL 
958 |a HU 
958 |a DB 
999 |c 1134836  |d 1136766 
952 |t P60, <05>, [BOOK], {605}  |a SNK  |b SNK  |y PREZ  |7 0  |p 17A0238779  |o snkSC 86104 D1  |0 0  |1 0  |4 0  |d 2000-07-01  |l 0  |r 2004-12-31 00:00:00  |w 2026-02-24